All Roblox Doors Items - Statistics

General Stats
  • This quiz has been taken 139 times
    39 since last reset
  • The average score is 10 of 15
Answer Stats
Hint Answer % Correct
Used to open doors. Always used on door 1 Keys
100%
Used to light up rooms and can be recharged Flashlight
85%
Used to light up rooms. Non-renewable light source Lighter
85%
Stops any monster in its tracks Crucifix
80%
Used to open doors when you don't have a key or don't want to find a key Lockpicks
80%
Found in the rooms. Rechargeable light source Shakelight
70%
Heals you slightly Bandage
65%
Used to recharge a light source Battery
60%
Only in door 50. Used to decode the code The Note
60%
Heals you and temporarily boosts your speed Vitamins
55%
Only in door 50. Used to create the code Books
50%
Used to enter the Rooms or get a healing boost and money Skeleton Key
45%
Money! Gold
40%
Found at the end of the rooms. Gives night vision and X-ray vision. The Scanner
40%
Gives you health regeneration and heals you when used Herb of Viridis
35%
No matching quizzes found
Score Distribution
Percent of People with Each Score
Percentile by Number Answered
Your Score History
You have not taken this quiz since the last reset